Strategic risk taking : (Record no. 17955)
[ view plain ]
| 000 -LEADER | |
|---|---|
| fixed length control field | 00791nam a22002418a 4500 |
| 001 - CONTROL NUMBER | |
| control field | 015390695 |
| 003 - CONTROL NUMBER IDENTIFIER | |
| control field | OSt |
| 005 - DATE AND TIME OF LATEST TRANSACTION | |
| control field | 20140123104342.0 |
| 008 - FIXED-LENGTH DATA ELEMENTS--GENERAL INFORMATION | |
| fixed length control field | 091007t2008 xxuadk frb 001 0 eng d |
| 020 ## - INTERNATIONAL STANDARD BOOK NUMBER | |
| International Standard Book Number | 9780137043774 (pbk.) |
| 020 ## - INTERNATIONAL STANDARD BOOK NUMBER | |
| International Standard Book Number | 0137043775 (pbk.) |
| 082 04 - DEWEY DECIMAL CLASSIFICATION NUMBER | |
| Classification number | 658.155 |
| Edition number | 22 |
| Item number | DAM |
| 100 1# - MAIN ENTRY--PERSONAL NAME | |
| Personal name | Damodaran, Aswath |
| 9 (RLIN) | 13755 |
| 245 10 - TITLE STATEMENT | |
| Title | Strategic risk taking : |
| Remainder of title | a framework for risk management / |
| Statement of responsibility, etc | Aswath Damodaran. |
| 260 ## - PUBLICATION, DISTRIBUTION, ETC. (IMPRINT) | |
| Place of publication, distribution, etc | Upper Saddle River, United States : |
| Name of publisher, distributor, etc | Pearson Education, Inc, |
| Date of publication, distribution, etc | c.2008. |
| 300 ## - PHYSICAL DESCRIPTION | |
| Extent | xviii, 388 p. : |
| Other physical details | chart, forms, tables ; |
| Dimensions | 24 cm. |
| 500 ## - GENERAL NOTE | |
| General note | Index : p. 379-388. |
| 504 ## - BIBLIOGRAPHY, ETC. NOTE | |
| Bibliography, etc | Includes bibliographical references. |
| 650 #0 - SUBJECT ADDED ENTRY--TOPICAL TERM | |
| Topical term or geographic name as entry element | Risk management |
| 9 (RLIN) | 12222 |
| 653 ## - INDEX TERM--UNCONTROLLED | |
| Resource For college | |
| Arrived date list | January2014 |
| 655 ## - INDEX TERM--GENRE/FORM | |
| Form subdivision | |
| -- | 33728 |
| 942 ## - ADDED ENTRY ELEMENTS (KOHA) | |
| Source of classification or shelving scheme | Dewey Decimal Classification |
| Call number prefix | 658.155 DAM |
| Withdrawn status | Item status | Source of classification or shelving scheme | Damaged status | Not for loan | Vendor | Home library | Current library | Shelving location | Date acquired | Source of acquisition | Total Checkouts | Full call number | Barcode | Date last seen | Koha item type | Total Renewals | Date last borrowed |
|---|---|---|---|---|---|---|---|---|---|---|---|---|---|---|---|---|---|
| Dewey Decimal Classification | Baccah | Central Library | Central Library | First floor | 23/01/2014 | 658.155 DAM | 000035426 | 15/07/2025 | NB - Book (Non borrowing) | ||||||||
| Dewey Decimal Classification | Baccah | Central Library | Central Library | First floor | 23/01/2014 | 4 | 658.155 DAM | 000035425 | 15/07/2025 | Book - Borrowing | 5 | 05/04/2018 | |||||
| Dewey Decimal Classification | Baccah | Central Library | Central Library | First floor | 23/01/2014 | 4 | 658.155 DAM | 000035424 | 15/07/2025 | Book - Borrowing | 29 | 24/12/2020 | |||||
| Dewey Decimal Classification | Baccah | Central Library | Central Library | First floor | 23/01/2014 | 2 | 658.155 DAM | 000035435 | 15/07/2025 | Book - Borrowing | 18 | 14/02/2015 | |||||
| Dewey Decimal Classification | Baccah | Central Library | Central Library | First floor | 23/01/2014 | 4 | 658.155 DAM | 000035436 | 15/07/2025 | Book - Borrowing | 3 | 21/07/2015 |